000 00335nam a22001337a 4500
020 _a0-8493-2071-2
040 _cCRC Press
082 _a541.361
_bA6131 C
100 _aAnnamalai, Kalyan
_9115682
245 _aCombustion Science and Engineering
260 _aUSA
_bCRC Press
_c2007
300 _alv, 1121p.
_c27cm.
942 _2ddc
_cREF
999 _c617379
_d617379